000 00305nam a22001337a 4500
008 190225b xxu||||| |||| 00| 0 eng d
020 _a0534036937
041 _aeng
080 _a338
100 _a52
101 _aMNG
245 _aContemporary Issues in Business Ethics
_cJardins, D
942 _2udc
_cBK
999 _c54185
_d54185